00878nam a2200253Ia 4500001000600000003000900006008004100015040001300056040001300069041001300082100001700095100002900112245003400141245003100175250001100206260001900217260001500236300005900251500019400310650004200504650003100546700001900577700002800596 1193IT-RoPAU130308s9999 xx 000 0 und d aIT-RoPAU cIT-RoPAU aITALIANO aBabin Pierre gCodice Aut. SPICS: 9703 aDirettive per una iniziazione bAudiovisivo e la fede (L') a1a ed. aTORINO/LEUMANN bElle Di Ci a"20 p. (prefazione: no ; testo: 20 [pagine: 195-214])" aIniziazione Progressiva Alla Padronanza del Linguaggio Inquadrare I Rumorivideoregistratore Educazione Audiovisiva iniziazione all'aspetto Catechistico progetto di un Linguaggio Audiovisivo aSAGGI PASTORALE COMUNICAZIONE SOCIALE eCodice materia Spics: 9311 aBelisle Claire gCodice Aut. SPICS: 9394